Statistics for The Pluto Quiz

Click here to take the quiz!

General Stats

  • This quiz has been taken 7,011 times
    (6,739 since last reset)
  • The average score is 8 of 13

Answer Stats

HintAnswer% Correct
In 2006, Pluto was reclassified as this type of planet{Dwarf} planet
98%
Element named after PlutoPlutonium
89%
Planet whose orbit sometimes extends beyond the orbit of PlutoNeptune
88%
Cartoon character who, somewhat confusingly, has a pet dog named PlutoMickey Mouse
76%
Space telescope that discovered Pluto's fourth and fifth moonsHubble Space Telescope
75%
Pluto is the Roman god of the _______Underworld
60%
Area of the solar system in which Pluto is located{Kuiper} belt
57%
Group of people who rule in a "plutocracy"The rich
47%
Celestial body named for the goddess of discord whose discovery in 2005
led to the demotion of Pluto
Eris
46%
Pluto was discovered at Lowell Observatory in this U.S. stateArizona
44%
Spacecraft which flew by Pluto in 2015New {Horizons}
42%
Pluto's largest moon which is almost half its sizeCharon
38%
The Tombaugh Regio area of Pluto's surface looks like this human body partHeart
37%

Score Distribution

Percentile by Number Answered

Percent of People with Each Score

Your Score History

You have not taken this quiz since the last reset